01351nab a22002657a 4500999001500000003000400015005001700019008004100036040000700077100002400084245012000108260007200228300001300300500003900313505032000352505008900672650002600761650003000787650003700817650001800854650003600872650002000908773014400928942001301072 c5974d5974OSt20260114154935.0190605e xxu||||| |||| 00| 0 spa d cPJ aFormaro, Juan9336913aLos intereses y el reclamo de los daños derivados del incumplimiento de las deudas laborales /cJuan J. Formaro.  aCiudad Autónoma de Buenos Aires :bThomson Reuters La Ley,c2022. ap. 31-35 aCita: TR LALEY AR/DOC/2322/2022.  aSumario: I. Introducción.— II. La cuestión durante la vigencia del Código Civil.— III. El tema bajo el Código Civil y Comercial.— IV. Las acreencias de origen laboral y los daños derivados del incumplimiento.— V. La independencia de las sanciones tarifadas por falta de pago.— VI. Conclusión.  t¿Te interesa el texto completo? Solicitalo al correo: koha@justierradelfuego.gov.ar 091316aDERECHO LABORAL 091323aCONTRATO DE TRABAJO 091383aLEY DE CONTRATO DE TRABAJO 091533aDESPIDO 091534aINDEMNIZACION POR DESPIDO 092095aSENTENCIA0 0271193168dCiudad Autónoma de Buenos Aires : Thomson Reuters La Ley, 1999-2002.tRevista de derecho del trabajo. Nº 5 - Septiembre 2022 2udccANA